000 00868cam a2200217 i 4500
005 20251124113451.0
008 250721s1999 jo gr 000 0 ara d
082 1 4 _a211.6
_bس ا م
100 1 _aالسامرائي، فاضل صالح
_eمؤلف.
245 1 0 _aبلاغة الكلمة في التعبير القرآني /
_cالدكتور الفاضل صالح السامرائي.
250 _aالطبعة الاولى.
264 3 1 _aعمان :
_bدار عمار للنشر والتوزيع،
_c1999.
300 _a146 صفحة.
490 1 _aدراسات بيانية في الاسلوب القرآني ؛
_vرقم2.
650 1 7 _aالقرآن.
650 1 7 _aألفاظ القرآن.
650 1 7 _aنحو القرآن.
830 0 _aدراسات بيانية في الاسلوب القرآني .
942 _2ddc
_cBK
999 _c75510
_d75510